Nástroj pre vytváranie kurzov
Enregistré dans:
| Auteur principal: | |
|---|---|
| Autres auteurs: | |
| Format: | Manuscrit Livre |
| Langue: | slovaque |
| Publié: |
Bratislava :
STU v Bratislave FIIT,
2006
|
| Sujets: | |
| Tags: |
Pas de tags, Soyez le premier à ajouter un tag!
|
MARC
| LEADER | 00000ntm a22000003a 4500 | ||
|---|---|---|---|
| 001 | stu140531 | ||
| 005 | 20150617225928.4 | ||
| 008 | 070426s2006----xo------------------slo-d | ||
| 040 | |a STU |b slo | ||
| 041 | 0 | |a slo | |
| 044 | |a xo | ||
| 100 | 1 | |a Hlaváček, Vladimír, |d 1985- |4 aut |u I200 |U FIIT Fakulta informatiky a informačných technológií |T FIIT Ústav informatiky a softvérového inžinierstva |X 30699 |U I200 |Y 179 |7 A000030699 | |
| 245 | 1 | |a Nástroj pre vytváranie kurzov | |
| 260 | |a Bratislava : |b STU v Bratislave FIIT, |c 2006 | ||
| 300 | |a 57 s | ||
| 650 | 7 | |a informatika |2 stusub | |
| 700 | 1 | |a Považanová, Anna, |d 1947- |4 xxx |u I200 |U FIIT Fakulta informatiky a informačných technológií |T FIIT Ústav informatiky a softvérového inžinierstva |X 1825 |U I200 |Y 179 |7 A000001825 | |
| 996 | |b IBAP12/06 |c I*BAP12/06 |l II680 |s A |a 24 |w stu140531_0001 | ||